| 000 | 00941nam a22002892a 4500 | ||
|---|---|---|---|
| 001 | 43434 | ||
| 003 | BD-RjUL | ||
| 005 | 20211209053710.0 | ||
| 008 | 160622s1974 nyua b 001 0 eng d | ||
| 020 | _a0070475504 | ||
| 035 | _a(BD-RjUL)43552 | ||
| 040 |
_aDLC _cDLC _dBD-RjUL _beng |
||
| 041 | _aeng | ||
| 082 |
_a370.182 _223 _bNOS 1974 |
||
| 100 | 1 |
_aNovick, Melvin R. _9133399 |
|
| 245 | 1 | 0 |
_aStatistical methods for educational and psychological research / _c[by] Melvin R. Novick [and] Paul H. Jackson |
| 260 |
_aNew York : _bMcGraw-Hill, _cc1974 |
||
| 300 |
_axviii, 456 p. : _bill. ; _c24 cm. |
||
| 490 | 1 | _aMcGraw-Hill series in psychology | |
| 504 | _aBibliography: p. [xvii]-xviii and index | ||
| 650 | 0 |
_aEducation _xResearch _9133400 |
|
| 650 | 0 |
_aEducational statistics _9133401 |
|
| 700 | 1 |
_aJackson, Paul H. _9133402 |
|
| 830 | 0 |
_aMcGraw-Hill series in psychology _9117338 |
|
| 942 |
_2ddc _cBK |
||
| 999 |
_c43434 _d43434 |
||